<?xml version="1.0" encoding="UTF-8"?>
<record
    xmlns:xsi="http://www.w3.org/2001/XMLSchema-instance"
    xsi:schemaLocation="http://www.loc.gov/MARC21/slim http://www.loc.gov/standards/marcxml/schema/MARC21slim.xsd"
    xmlns="http://www.loc.gov/MARC21/slim">

  <leader>03907njm a2200589Ia 4500</leader>
  <controlfield tag="001">23906</controlfield>
  <controlfield tag="003">IT-RoPAU</controlfield>
  <controlfield tag="005">20220918181120.0</controlfield>
  <controlfield tag="008">131025s9999    xx            000 0 und d</controlfield>
  <datafield tag="040" ind1=" " ind2=" ">
    <subfield code="a">IT-RoPAU</subfield>
  </datafield>
  <datafield tag="040" ind1=" " ind2=" ">
    <subfield code="c">IT-RoPAU</subfield>
  </datafield>
  <datafield tag="041" ind1=" " ind2=" ">
    <subfield code="a">ITALIANO</subfield>
  </datafield>
  <datafield tag="999" ind1=" " ind2=" ">
    <subfield code="c">99755</subfield>
    <subfield code="d">99755</subfield>
  </datafield>
  <datafield tag="999" ind1=" " ind2=" ">
    <subfield code="b">n.d.</subfield>
  </datafield>
  <datafield tag="100" ind1=" " ind2=" ">
    <subfield code="a">AA.VV.</subfield>
    <subfield code="9">794</subfield>
  </datafield>
  <datafield tag="100" ind1=" " ind2=" ">
    <subfield code="e">Autore musica</subfield>
    <subfield code="9">7334</subfield>
  </datafield>
  <datafield tag="100" ind1=" " ind2=" ">
    <subfield code="g">Codice autore musica SPICS: 12000</subfield>
    <subfield code="9">796</subfield>
  </datafield>
  <datafield tag="245" ind1=" " ind2=" ">
    <subfield code="a">Juke box-I grandi successi italiani vol.07 (tanto per cantare)</subfield>
  </datafield>
  <datafield tag="250" ind1=" " ind2=" ">
    <subfield code="a">2a ed.</subfield>
  </datafield>
  <datafield tag="260" ind1=" " ind2=" ">
    <subfield code="a">ITALIA</subfield>
  </datafield>
  <datafield tag="260" ind1=" " ind2=" ">
    <subfield code="b">SELEZIONE</subfield>
    <subfield code="c">1980 [1a Ed.:1980]</subfield>
  </datafield>
  <datafield tag="300" ind1=" " ind2=" ">
    <subfield code="a">DISCO</subfield>
  </datafield>
  <datafield tag="500" ind1=" " ind2=" ">
    <subfield code="a">Migliori canzoni italiane degli anni '60. Canzone italiana.</subfield>
  </datafield>
  <datafield tag="505" ind1=" " ind2=" ">
    <subfield code="a">La bambola (Pravo Patty) - Acqua azzurra acqua chiara (Battisti Lucio) - La pioggia (Cinquetti Gigliola) - La lontananza (Modugno Domenico) - Ma che freddo fa (Nada ) - Lady Barbara (Renato) - Mi ritorni in mente (Battisti Lucio) - Irresistibilmente (Vartan Sylvie) - Vagabondo (Di Bari Nicola) - Dominique (Berti Orietta) - Tanta voglia di lei (I Pooh) - Tanto p&#xE8; cant&#xE0; (Manfredi Nino)</subfield>
  </datafield>
  <datafield tag="650" ind1=" " ind2=" ">
    <subfield code="a">CANZONE ITALIAN [DISCHI]</subfield>
    <subfield code="e">Codice MATERIA SPICS: 9950</subfield>
    <subfield code="9">7335</subfield>
  </datafield>
  <datafield tag="700" ind1=" " ind2=" ">
    <subfield code="a">Zambrini</subfield>
    <subfield code="d">Codice autore musica SPICS: 14080</subfield>
    <subfield code="e">Autore musica</subfield>
    <subfield code="p">La bambola</subfield>
    <subfield code="9">7336</subfield>
  </datafield>
  <datafield tag="700" ind1=" " ind2=" ">
    <subfield code="a">Migliacci Franco</subfield>
    <subfield code="d">Codice autore SPICS: 13653</subfield>
    <subfield code="e">Autore</subfield>
    <subfield code="p">La bambola</subfield>
    <subfield code="9">7337</subfield>
  </datafield>
  <datafield tag="700" ind1=" " ind2=" ">
    <subfield code="a">Cini Alessandro (= Cicognini A. 8029)</subfield>
    <subfield code="d">Codice autore testo/musica SPICS: 13532</subfield>
    <subfield code="e">Autore testo/musica</subfield>
    <subfield code="p">La bambola</subfield>
    <subfield code="9">7338</subfield>
  </datafield>
  <datafield tag="700" ind1=" " ind2=" ">
    <subfield code="a">Mogol (Rapetti Giulio)</subfield>
    <subfield code="d">Codice autore musica SPICS: 13643</subfield>
    <subfield code="e">Autore musica</subfield>
    <subfield code="p">Acqua azzurra acqua chiara - </subfield>
    <subfield code="9">7339</subfield>
  </datafield>
  <datafield tag="700" ind1=" " ind2=" ">
    <subfield code="a">Battisti Lucio</subfield>
    <subfield code="d">Codice autore testo/musica SPICS: 10746</subfield>
    <subfield code="e">Autore testo/musica</subfield>
    <subfield code="p">Acqua azzurra acqua chiara - Mi ritorni in mente</subfield>
    <subfield code="9">7340</subfield>
  </datafield>
  <datafield tag="700" ind1=" " ind2=" ">
    <subfield code="a">Conti C.</subfield>
    <subfield code="d">Codice autore musica SPICS: 15827</subfield>
    <subfield code="e">Autore musica</subfield>
    <subfield code="p">La pioggia</subfield>
    <subfield code="9">7341</subfield>
  </datafield>
  <datafield tag="700" ind1=" " ind2=" ">
    <subfield code="a">Panzeri Mario</subfield>
    <subfield code="d">Codice autore SPICS: 13372</subfield>
    <subfield code="e">Autore</subfield>
    <subfield code="p">La pioggia</subfield>
    <subfield code="9">7342</subfield>
  </datafield>
  <datafield tag="700" ind1=" " ind2=" ">
    <subfield code="a">Pace Daniele</subfield>
    <subfield code="d">Codice autore testo/musica SPICS: 13856</subfield>
    <subfield code="e">Autore testo/musica</subfield>
    <subfield code="p">La pioggia</subfield>
    <subfield code="9">7343</subfield>
  </datafield>
  <datafield tag="700" ind1=" " ind2=" ">
    <subfield code="a">Modugno Domenico</subfield>
    <subfield code="d">Codice autore musica SPICS: 12142</subfield>
    <subfield code="e">Autore musica</subfield>
    <subfield code="p">La lontananza</subfield>
    <subfield code="9">7344</subfield>
  </datafield>
  <datafield tag="700" ind1=" " ind2=" ">
    <subfield code="a">Bonaccorti</subfield>
    <subfield code="d">Codice autore testo/musica SPICS: 14081</subfield>
    <subfield code="e">Autore testo/musica</subfield>
    <subfield code="p">La lontananza</subfield>
    <subfield code="9">7345</subfield>
  </datafield>
  <datafield tag="700" ind1=" " ind2=" ">
    <subfield code="a">Migliacci Franco</subfield>
    <subfield code="d">Codice autore musica SPICS: 13653</subfield>
    <subfield code="e">Autore musica</subfield>
    <subfield code="p">Ma che freddo fa</subfield>
    <subfield code="9">7346</subfield>
  </datafield>
  <datafield tag="700" ind1=" " ind2=" ">
    <subfield code="a">Mattone Ugo (Pirro Ugo)</subfield>
    <subfield code="d">Codice autore testo/musica SPICS: 13129</subfield>
    <subfield code="e">Autore testo/musica</subfield>
    <subfield code="p">Ma che freddo fa</subfield>
    <subfield code="9">7347</subfield>
  </datafield>
  <datafield tag="700" ind1=" " ind2=" ">
    <subfield code="a">Bigazzi Giancarlo</subfield>
    <subfield code="d">Codice autore musica SPICS: 13839</subfield>
    <subfield code="e">Autore musica</subfield>
    <subfield code="p">Lady Barbara</subfield>
    <subfield code="9">7348</subfield>
  </datafield>
  <datafield tag="700" ind1=" " ind2=" ">
    <subfield code="a">Savio G.</subfield>
    <subfield code="d">Codice autore testo/musica SPICS: 14082</subfield>
    <subfield code="e">Autore testo/musica</subfield>
    <subfield code="p">Lady Barbara</subfield>
    <subfield code="9">7349</subfield>
  </datafield>
  <datafield tag="700" ind1=" " ind2=" ">
    <subfield code="a">Dossena P.</subfield>
    <subfield code="d">Codice autore musica SPICS: 16074</subfield>
    <subfield code="e">Autore musica</subfield>
    <subfield code="p">Irresistibilmente</subfield>
    <subfield code="9">7350</subfield>
  </datafield>
  <datafield tag="700" ind1=" " ind2=" ">
    <subfield code="a">Aber</subfield>
    <subfield code="d">Codice autore SPICS: 26094</subfield>
    <subfield code="e">Autore</subfield>
    <subfield code="p">Irresistibilmente</subfield>
    <subfield code="9">7351</subfield>
  </datafield>
  <datafield tag="700" ind1=" " ind2=" ">
    <subfield code="a">Renard</subfield>
    <subfield code="d">Codice autore testo/musica SPICS: 16075</subfield>
    <subfield code="e">Autore testo/musica</subfield>
    <subfield code="p">Irresistibilmente</subfield>
    <subfield code="9">7352</subfield>
  </datafield>
  <datafield tag="700" ind1=" " ind2=" ">
    <subfield code="a">Morina</subfield>
    <subfield code="d">Codice autore musica SPICS: 26095</subfield>
    <subfield code="e">Autore musica</subfield>
    <subfield code="p">Vagabondo</subfield>
    <subfield code="9">7353</subfield>
  </datafield>
  <datafield tag="700" ind1=" " ind2=" ">
    <subfield code="a">D'Ercole</subfield>
    <subfield code="d">Codice autore SPICS: 26096</subfield>
    <subfield code="e">Autore</subfield>
    <subfield code="p">Vagabondo</subfield>
    <subfield code="9">7354</subfield>
  </datafield>
  <datafield tag="700" ind1=" " ind2=" ">
    <subfield code="a">Tomassini</subfield>
    <subfield code="d">Codice autore testo/musica SPICS: 26097</subfield>
    <subfield code="e">Autore testo/musica</subfield>
    <subfield code="p">Vagabondo</subfield>
    <subfield code="9">7355</subfield>
  </datafield>
  <datafield tag="700" ind1=" " ind2=" ">
    <subfield code="a">Etrusco</subfield>
    <subfield code="d">Codice autore musica SPICS: 26098</subfield>
    <subfield code="e">Autore musica</subfield>
    <subfield code="p">Dominique</subfield>
    <subfield code="9">7356</subfield>
  </datafield>
  <datafield tag="700" ind1=" " ind2=" ">
    <subfield code="a">Sourire</subfield>
    <subfield code="d">Codice autore testo/musica SPICS: 26099</subfield>
    <subfield code="e">Autore testo/musica</subfield>
    <subfield code="p">Dominique</subfield>
    <subfield code="9">7357</subfield>
  </datafield>
  <datafield tag="700" ind1=" " ind2=" ">
    <subfield code="a">Facchinetti C.</subfield>
    <subfield code="d">Codice autore musica SPICS: 22465</subfield>
    <subfield code="e">Autore musica</subfield>
    <subfield code="p">Tanta voglia di lei</subfield>
    <subfield code="9">7358</subfield>
  </datafield>
  <datafield tag="700" ind1=" " ind2=" ">
    <subfield code="a">Negrini V.</subfield>
    <subfield code="d">Codice autore testo/musica SPICS: 22466</subfield>
    <subfield code="e">Autore testo/musica</subfield>
    <subfield code="p">Tanta voglia di lei</subfield>
    <subfield code="9">7359</subfield>
  </datafield>
  <datafield tag="700" ind1=" " ind2=" ">
    <subfield code="a">Petrolini Ettore</subfield>
    <subfield code="d">Codice autore musica SPICS: 13136</subfield>
    <subfield code="e">Autore musica</subfield>
    <subfield code="p">Tanto p&#xE8; cant&#xE0;</subfield>
    <subfield code="9">7360</subfield>
  </datafield>
  <datafield tag="700" ind1=" " ind2=" ">
    <subfield code="a">Simeoni Alberto</subfield>
    <subfield code="d">Codice autore testo/musica SPICS: 13563</subfield>
    <subfield code="e">Autore testo/musica</subfield>
    <subfield code="p">Tanto p&#xE8; cant&#xE0;</subfield>
    <subfield code="9">7361</subfield>
  </datafield>
  <datafield tag="942" ind1=" " ind2=" ">
    <subfield code="c">MD</subfield>
    <subfield code="2">ddc</subfield>
  </datafield>
  <datafield tag="952" ind1=" " ind2=" ">
    <subfield code="0">0</subfield>
    <subfield code="1">0</subfield>
    <subfield code="4">0</subfield>
    <subfield code="6">23906_000000000000000</subfield>
    <subfield code="7">1</subfield>
    <subfield code="a">SPICS</subfield>
    <subfield code="b">SPICS</subfield>
    <subfield code="d">2013-10-25</subfield>
    <subfield code="l">0</subfield>
    <subfield code="o">23906</subfield>
    <subfield code="r">2013-10-25 00:00:00</subfield>
    <subfield code="w">2013-10-25</subfield>
    <subfield code="y">MD</subfield>
    <subfield code="z">Progr. Ins.: 4753 / N.Vol.: 1 / Copie: 1 - Copia rara: n.d. / date import: 01.01.2014 - By Epidotti, Trombetti, Vaglietti</subfield>
  </datafield>
</record>
